Statistics for Unscramble Rush - Countries

Click here to take the quiz!

General Stats

  • This quiz has been taken 70 times
  • The average score is 18 of 20

Answer Stats

ScambledAnswer% Correct
lapNeNepal
100%
Dmioinnac bupRecilDominican Republic
98%
uexgmuroLbLuxembourg
98%
weN lanZedaNew Zealand
98%
htNro rKeaoNorth Korea
98%
danuSSudan
98%
raBlziBrazil
97%
aPuap weN ieGnauPapua New Guinea
97%
enuzVleaeVenezuela
97%
neDkramDenmark
95%
NhtreslndaeNetherlands
95%
lwtiraedSzdnSwitzerland
93%
taLivaLatvia
92%
ulaaPPalau
90%
tiAunag and raBdabuAntigua and Barbuda
85%
tianS cauLiSaint Lucia
83%
irKtabiiKiribati
82%
yeShecllesSeychelles
82%
jikaTsinatTajikistan
82%
Biankur soFaBurkina Faso
80%

Score Distribution

Percentile by Number Answered

Percent of People with Each Score

Your Score History

You have not taken this quiz